Factory Planning Manual Situation-Driven Production Facility Planning /

This book describes the factory planning process with its manifold practical characteristics. Previous planning approaches only emanate from the product model. Future plannings need to allow for dissimilarity of an individual factory more strongly, i.e. the factory will feature even more individual...

Πλήρης περιγραφή

Λεπτομέρειες βιβλιογραφικής εγγραφής
Κύριοι συγγραφείς: Schenk, Michael (Συγγραφέας), Wirth, Siegfried (Συγγραφέας), Müller, Egon (Συγγραφέας)
Συγγραφή απο Οργανισμό/Αρχή: SpringerLink (Online service)
Μορφή: Ηλεκτρονική πηγή Ηλ. βιβλίο
Γλώσσα:English
Έκδοση: Berlin, Heidelberg : Springer Berlin Heidelberg, 2010.
Θέματα:
Διαθέσιμο Online:Full Text via HEAL-Link
LEADER 02464nam a22004935i 4500
001 978-3-642-03635-4
003 DE-He213
005 20151204182509.0
007 cr nn 008mamaa
008 100301s2010 gw | s |||| 0|eng d
020 |a 9783642036354  |9 978-3-642-03635-4 
024 7 |a 10.1007/978-3-642-03635-4  |2 doi 
040 |d GrThAP 
050 4 |a TJ241 
072 7 |a TGXT  |2 bicssc 
072 7 |a TEC020000  |2 bisacsh 
082 0 4 |a 670  |2 23 
100 1 |a Schenk, Michael.  |e author. 
245 1 0 |a Factory Planning Manual  |h [electronic resource] :  |b Situation-Driven Production Facility Planning /  |c by Michael Schenk, Siegfried Wirth, Egon Müller. 
264 1 |a Berlin, Heidelberg :  |b Springer Berlin Heidelberg,  |c 2010. 
300 |a XII, 410 p.  |b online resource. 
336 |a text  |b txt  |2 rdacontent 
337 |a computer  |b c  |2 rdamedia 
338 |a online resource  |b cr  |2 rdacarrier 
347 |a text file  |b PDF  |2 rda 
505 0 |a Systematic and Situation-Driven Planning Methods -- The 0 + 5 + X Planning Model -- Material flow and logistics -- Situation-driven case studies. 
520 |a This book describes the factory planning process with its manifold practical characteristics. Previous planning approaches only emanate from the product model. Future plannings need to allow for dissimilarity of an individual factory more strongly, i.e. the factory will feature even more individual characteristics according to its position in the value-added chain. With the methodology presented in the book new factory types can be realized according to the respective requirements. The described methodology has been developed by the authors. Being an extendible concept, it is very useful for the permanent excess planning, rescheduling and replanning of factories. 
650 0 |a Engineering. 
650 0 |a Engineering economics. 
650 0 |a Engineering economy. 
650 0 |a Manufacturing industries. 
650 0 |a Machines. 
650 0 |a Tools. 
650 1 4 |a Engineering. 
650 2 4 |a Manufacturing, Machines, Tools. 
650 2 4 |a Engineering Economics, Organization, Logistics, Marketing. 
700 1 |a Wirth, Siegfried.  |e author. 
700 1 |a Müller, Egon.  |e author. 
710 2 |a SpringerLink (Online service) 
773 0 |t Springer eBooks 
776 0 8 |i Printed edition:  |z 9783642036347 
856 4 0 |u http://dx.doi.org/10.1007/978-3-642-03635-4  |z Full Text via HEAL-Link 
912 |a ZDB-2-ENG 
950 |a Engineering (Springer-11647)